Ut perfectus sit homo dei (3) (Record n. 76231)
[ formato base ]
| 000 -LEADER | |
|---|---|
| fixed length control field | 02058nam a2200325Ia 4500 |
| 001 - CONTROL NUMBER | |
| control field | C9596 |
| 003 - CONTROL NUMBER IDENTIFIER | |
| control field | IT-RoPAU |
| 008 - FIXED-LENGTH DATA ELEMENTS--GENERAL INFORMATION | |
| fixed length control field | 130308s9999 xx 000 0 und d |
| 040 ## - CATALOGING SOURCE | |
| Original cataloging agency | IT-RoPAU |
| 040 ## - CATALOGING SOURCE | |
| Transcribing agency | IT-RoPAU |
| 041 ## - LANGUAGE CODE | |
| Language code of text/sound track or separate title | ITALIANO |
| 999 ## - SYSTEM CONTROL NUMBERS (KOHA) | |
| Koha Dewey Subclass [OBSOLETE] | SI |
| 100 ## - MAIN ENTRY--PERSONAL NAME | |
| Personal name | Alberione Giacomo |
| 100 ## - MAIN ENTRY--PERSONAL NAME | |
| Miscellaneous information | Codice Aut. SPICS: 10028 |
| 245 ## - TITLE STATEMENT | |
| Title | Ut perfectus sit homo dei (3) |
| 245 ## - TITLE STATEMENT | |
| Remainder of title | Ut Perfectus Sit Homo dei (3) |
| 250 ## - EDITION STATEMENT | |
| Edition statement | 1a ed. |
| 260 ## - PUBLICATION, DISTRIBUTION, ETC. (IMPRINT) | |
| Place of publication, distribution, etc. | OSTIA |
| 260 ## - PUBLICATION, DISTRIBUTION, ETC. (IMPRINT) | |
| Name of publisher, distributor, etc. | Edizioni Paoline |
| 260 ## - PUBLICATION, DISTRIBUTION, ETC. (IMPRINT) | |
| Date of publication, distribution, etc. | 1962 [1° Ed.:1962 - Ed.Ling.Originale:1962] |
| 300 ## - PHYSICAL DESCRIPTION | |
| Extent | "318 p. (prefazione: no ; testo: 318 [pagine: 0-0])" |
| 500 ## - GENERAL NOTE | |
| General note | Terza settimana del Mese di Esercizi Spirituali, Ariccia Aprile 1960. 11 Istruzion del Primo maestro D. Giacomo Alberione Su: sacra Scrittura, Carità Paolina, Zelo, visite Paterne Fraterne e Canoniche, Istituti Secolari, Apostolato delle Edizioni, Istituti della Famiglia Paolina, mezzi tecnici di Apostolato, Uffici nella Casa Generalizia, Governo dell'Istituto, Consigliogeneralizio Delegazioni regionali e superiori Locali. 11 Meditazioni di D.Pierino Marazza: Dare Gesu' Cristo via Verità e Vita con I Nostri mezzi Ecarattere Pastorale, Apostolato delle Tecniche Audiovisive, Nostro Debito Verso le masse e le Classi Elevate, ufficio Centrale delle Edizioni e Uffici Nazionali, Gerarchia delle Edizioni: Catechismo dottrina della Chiesa Scrittura e Tradizione, Casa degli Scrittori, Scienze Formative, Periodici, nova Et Vetera, Quidquid Bonum. 6 Conferenze: Tecnica del Cinema di D. Soligo, Unione Nazionale e internazionale del Cinema di D. Cozzani, Unione delle Edizioni in Lingua spagnola di D. Perino, ufficio Edizioni D'Italia e Rateale di D. Gambi, Unione delle Edizioni di Lingua inglese di D. Valente, Determinazioni per gli Istituti Secolari di D. Amorth. chiusura della Settimanada parte di D. Zanoni. |
| 650 ## - SUBJECT ADDED ENTRY--TOPICAL TERM | |
| Topical term or geographic name as entry element | SCRITTI DI GIACOMO ALBERIONE |
| 650 ## - SUBJECT ADDED ENTRY--TOPICAL TERM | |
| Relator term | Codice materia Spics: 9901 |
| 700 ## - ADDED ENTRY--PERSONAL NAME | |
| Personal name | AA.VV. |
| 700 ## - ADDED ENTRY--PERSONAL NAME | |
| Miscellaneous information | Codice Aut. SPICS: 12000 |
| 942 ## - ADDED ENTRY ELEMENTS (KOHA) | |
| Koha item type | LIBRO |
| 957 ## - | |
| -- | 1 |
| 999 ## - SYSTEM CONTROL NUMBERS (KOHA) | |
| -- | 1 |
| Withdrawn status | Lost status | Damaged status | Not for loan | Home library | Current library | Date acquired | Total Checkouts | Full call number | Date last seen | Price effective from | Koha item type | Public note | Source of classification or shelving scheme |
|---|---|---|---|---|---|---|---|---|---|---|---|---|---|
| Buone Condizioni | Not For Loan | PAULUS-BIBLIOTECA | PAULUS-BIBLIOTECA | 05/11/2013 | P A3 | 05/11/2013 | 05/11/2013 | LIBRO | Dewey Decimal Classification | ||||
| Buone Condizioni | Not For Loan | PAULUS-BIBLIOTECA | PAULUS-BIBLIOTECA | 05/11/2013 | P A3 | 05/11/2013 | 05/11/2013 | LIBRO | Dewey Decimal Classification | ||||
| Buone Condizioni | Not For Loan | PAULUS-BIBLIOTECA | PAULUS-BIBLIOTECA | 05/11/2013 | P A3 | 05/11/2013 | 05/11/2013 | LIBRO | Dewey Decimal Classification | ||||
| Buone Condizioni | Not For Loan | SPICS-MEDIATECA | SPICS-MEDIATECA | 08/03/2013 | C9596 | 08/03/2013 | 08/03/2013 | LIBRO | Progressivo inserimento: 60267 / N. Volumi: 1 Copie: 1 Copia Rara: SI / data import: 1 marzo 2013 - By Epidotti, Trombetti, Vaglietti. |